| 000 | 006040000a22002170004500 | ||
|---|---|---|---|
| 003 | LK-CoMWRAF | ||
| 005 | 20230921105451.0 | ||
| 008 | 230817t1990 ||||| |||| 00| 0 eng d | ||
| 020 | _a0415901774 | ||
| 040 |
_aLK-CoMWRAF _dLK-CoMWRAF _eLK-CoMWRAF |
||
| 041 | _aeng | ||
| 082 |
_a305.4 _bCON |
||
| 245 | _aConflicts in feminism | ||
| 260 |
_aNew York: _bRoutledge, _c1990 |
||
| 300 |
_aix, 397 p. ; 23 cm. _bIndex included |
||
| 650 | _aFEMINISM-United States | ||
| 650 | _aFeminist criticism-United States. | ||
| 700 |
_aHirsch, Marianne. _eed. |
||
| 700 |
_aKeller, Evelyn Fox _eed. |
||
| 942 | _cBK | ||
| 999 |
_c1880 _d1880 |
||